Corporate Lattice (Record no. 326972)

MARC details
000 -LEADER
fixed length control field 00521nam a2200169Ia 4500
008 - FIXED-LENGTH DATA ELEMENTS--GENERAL INFORMATION
fixed length control field 230718s9999 xx 000 0 und d
020 ## - INTERNATIONAL STANDARD BOOK NUMBER
International Standard Book Number 9781422155165
041 ## - LANGUAGE CODE
Language code of text/sound track or separate title eng
082 ## - DEWEY DECIMAL CLASSIFICATION NUMBER
Classification number 658.3'14
Item number BEN
100 ## - MAIN ENTRY--PERSONAL NAME
Personal name Benko C.
9 (RLIN) 175597
245 ## - TITLE STATEMENT
Title Corporate Lattice
Remainder of title Achieving High Performance In The Changing World Of Work
260 ## - PUBLICATION, DISTRIBUTION, ETC. (IMPRINT)
Date of publication, distribution, etc. 2010
Name of publisher, distributor, etc. Harvard Business Press
300 ## - PHYSICAL DESCRIPTION
Extent 205
365 ## - TRADE PRICE
Currency code Rs.
Price amount 995.00
700 ## - ADDED ENTRY--PERSONAL NAME
Personal name Benko C. & Anderson M.
9 (RLIN) 191801
906 ## - LOCAL DATA ELEMENT F, LDF (RLIN)
d O:0148915-Jan-2011B:641229-Nov-2010
c MGMT
b 248.75
Holdings
Withdrawn status Lost status Damaged status Not for loan Home library Current library Date acquired Vendor Budget Code Cost, normal purchase price Bill number Total Checkouts Full call number Barcode Date last seen Discount Cost, replacement price Bill Date Koha item type Original Barcode
        Cummins College of Engineering for Women Pune Cummins College of Engineering for Women Pune 15/01/2011 Tbs MGMT 746.25 6412   658.3'14 CCEP-BK-38179 18/07/2023 248.75 995.00 29/11/2010 Books 038179